Информационно-интеллектуальные системы для врачей рефлексотерапевтов

Detalhes bibliográficos
Autor principal: Кореневский Н. А. Николай Алексеевич
Outros Autores: Крупчатников Р. А. Роман Анатольевич
Resumo:В монографии с позиции современной медицинской науки раскрываются механизмы формирования меридианов и их энергетического обеспечения. На основе полученных в работе моделей решаются задачи повышения эффективности прогнозирования, диагностики профилактики и лечения различных заболеваний, имеющих «представительство» на биологически активных точках с использованием современных информационных и интеллектуальных технологий. Монография будет полезна для врачей, использующих методы рефлексодиагностики и рефлексотерапии, для научных работников и аспирантов, изучающих вопросы акупунктуры, а также для специалистов, работающих в области проектирования электронной медицинской аппаратуры.
Idioma:russo
Publicado em: Старый Оскол, ТНТ, 2013
Assuntos:
Formato: MixedMaterials Livro
KOHA link:https://koha.lib.tpu.ru/cgi-bin/koha/opac-detail.pl?biblionumber=242177

MARC

LEADER 00000nam0a2200000 4500
001 242177
005 20231101231856.0
010 |a 9785941784004 
035 |a (RuTPU)RU\TPU\book\263476 
090 |a 242177 
100 |a 20130828d2013 k y0rusy50 ca 
101 0 |a rus 
102 |a RU 
105 |a a z 001zy 
200 1 |a Информационно-интеллектуальные системы для врачей рефлексотерапевтов  |f Н. А. Кореневский, Р. А. Крупчатников 
210 |a Старый Оскол  |c ТНТ  |d 2013 
215 |a 424 с.  |c ил. 
320 |a Библиогр.: с. 409-423. 
330 |a В монографии с позиции современной медицинской науки раскрываются механизмы формирования меридианов и их энергетического обеспечения. На основе полученных в работе моделей решаются задачи повышения эффективности прогнозирования, диагностики профилактики и лечения различных заболеваний, имеющих «представительство» на биологически активных точках с использованием современных информационных и интеллектуальных технологий. Монография будет полезна для врачей, использующих методы рефлексодиагностики и рефлексотерапии, для научных работников и аспирантов, изучающих вопросы акупунктуры, а также для специалистов, работающих в области проектирования электронной медицинской аппаратуры. 
606 1 |a Рефлексодиагностика  |2 stltpush  |3 (RuTPU)RU\TPU\subj\72729  |9 86133 
610 1 |a организм человека 
610 1 |a внутренние структуры 
610 1 |a поверхностные проекционные зоны 
610 1 |a энергоинформационное взаимодействие 
610 1 |a биологически активные точки 
610 1 |a электрические характеристики 
610 1 |a информативные признаки 
610 1 |a гибридные нечеткие решающие правила 
610 1 |a синтез 
610 1 |a рефлексотерапия 
610 1 |a решения 
610 1 |a принятие 
675 |a 616-07  |v 3 
700 1 |a Кореневский  |b Н. А.  |g Николай Алексеевич 
701 1 |a Крупчатников  |b Р. А.  |g Роман Анатольевич 
801 1 |a RU  |b 63413507  |c 20130828 
801 2 |a RU  |b 63413507  |c 20131025  |g RCR 
900 |a Информационные системы и технологии 
942 |c BK 
959 |a 114/20130822  |d 1  |e 550,00  |f ЧЗТЛ:1